000 00651nam a2200229Ia 4500
001 3063
003 GE_BSU
008 181216s||||||||xx |||||||||||||| ||und||
020 _a5900855333
040 _cGE_BSU
080 _a339.7
100 _aХэррис. Дж. Менвиль
245 _aМеждународные финансы
245 _bInternational Finance. Пер. с англ. В.Н.Егорова. ред. О.В. Лужина
260 _aМосква
260 _bФИЛИН
260 _c1996
300 _a296 с. 20 см.
541 _h5 л. 20 т.
653 _aМеждународные финансы
942 _cBK
999 _c37107
_d37107